| 000 | 00793nam a22002177a 4500 | ||
|---|---|---|---|
| 999 |
_c3960 _d3960 |
||
| 003 | AR-CdUCM | ||
| 008 | 190307b ||||| |||| 00| 0 spa d | ||
| 040 |
_aMUNICIPALIDAD PROVINCIAL DEL CUSCO _cBIBLIOTECA MUNICIPAL DEL CUSCO |
||
| 082 |
_a814.84 / _bS18 |
||
| 100 |
_aSalazar Mostajo, Carlos _912668 |
||
| 245 |
_aDialecestetica : _b Ensayos sobre apreciación de la obra de arte / |
||
| 260 |
_bLa Paz : _c1993. |
||
| 300 |
_a153 páginas ; _bIlustraciones, _c20 cm. |
||
| 500 | _zLa belleza como síntesis -- El valor -- La música y el canto -- El arte en la humanismo -- La Dialéctica y el arte... | ||
| 650 |
_aHistoria del Arte. _91647 |
||
| 650 |
_aCritica Artística _912669 |
||
| 650 |
_aBellas Artes _912670 |
||
| 650 |
_aBolivia _91138 |
||
| 942 |
_2ddc _cLIBROS |
||
| 945 | _admma | ||